000
00301 a2200145 4500
001
168580
020
_a
040
_c
Magnum
100
_a
Lima, Lauro de Oliveira
240
1
0
_a
O impasse na educacao
_l
por
245
1
0
_a
O impasse na educacao
362
0
_a
1899
697
_a
ENSINO
942
_c
BK
999
_c
168580
_d
168580